000 nam a22 7a 4500
999 _c3973
_d3973
005 20170524131519.0
008 170524b1987 ny ||||| |||| 00| 0 eng d
020 _a0070477876
040 _aAKMAL
082 _a813.52 OGI
090 _a813.52
_bOGI
100 _aElisabeth Ogilvie
_97797
245 _aThe Summer of The Osprey /
_cElisabeth Ogilvie
260 _aNew York :
_bMcGraw-Hill,
_c1987
300 _a301
_ccm
942 _2ddc
_cBOOK